Tanzania human rights report 2008 (Record no. 1782)

MARC details
000 -LEADER
fixed length control field 02077cas a2200445 a 4500
001 - CONTROL NUMBER
control field 14409193
005 - DATE AND TIME OF LATEST TRANSACTION
control field 20120620155414.0
008 - FIXED-LENGTH DATA ELEMENTS--GENERAL INFORMATION
fixed length control field 050407c20029999tz ar 0 0eng c
010 ## - LIBRARY OF CONGRESS CONTROL NUMBER
LC control number 2005257061
Canceled/invalid LC control number 2004410180
016 7# - NATIONAL BIBLIOGRAPHIC AGENCY CONTROL NUMBER
Record control number 013544860
Source Uk
020 ## - INTERNATIONAL STANDARD BOOK NUMBER
International Standard Book Number 9789987432745
035 ## - SYSTEM CONTROL NUMBER
System control number (OCoLC)ocm58837685
040 ## - CATALOGING SOURCE
Original cataloging agency IEN
Transcribing agency TZ-ArACH
Modifying agency DLC
-- MH-L
-- DLC
-- MiEM
-- UKMGB
-- MH
041 ## - LANGUAGE CODE
Language code of text/sound track or separate title Eng
042 ## - AUTHENTICATION CODE
Authentication code lc
043 ## - GEOGRAPHIC AREA CODE
Geographic area code f-tz---
050 00 - LIBRARY OF CONGRESS CALL NUMBER
Classification number JC599.T33
Item number T333
130 0# - MAIN ENTRY--UNIFORM TITLE
Uniform title Taarifa ya haki za binadamu Tanzania mwaka.
Language of a work English.
9 (RLIN) 5902
245 10 - TITLE STATEMENT
Title Tanzania human rights report 2008
246 1# - VARYING FORM OF TITLE
Display text Issues for <2009-> have title:
Title proper/short title Tanzania human rights reports
260 ## - PUBLICATION, DISTRIBUTION, ETC. (IMPRINT)
Place of publication, distribution, etc Dar es Salaam, Tanzania :
Name of publisher, distributor, etc Legal and Human Rights Centre
300 ## - PHYSICAL DESCRIPTION
Extent xvi : 224p
Other physical details ill. ;
Dimensions 25 cm.
310 ## - CURRENT PUBLICATION FREQUENCY
Current publication frequency Annual
362 0# - DATES OF PUBLICATION AND/OR SEQUENTIAL DESIGNATION
Dates of publication and/or sequential designation 2002-
504 ## - BIBLIOGRAPHY, ETC. NOTE
Bibliography, etc Footnotes per page
650 #0 - SUBJECT ADDED ENTRY--TOPICAL TERM
Topical term or geographic name as entry element Human rights
Geographic subdivision Tanzania
Form subdivision Periodicals.
9 (RLIN) 5903
710 2# - ADDED ENTRY--CORPORATE NAME
Corporate name or jurisdiction name as entry element Kituo cha Sheria na Haki za Binadamu (Tanzania)
9 (RLIN) 5904
775 08 - OTHER EDITION ENTRY
Display text Issued also in Swahili as:
Title Taarifa ya haki za binadamu Tanzania
Record control number (DLC) 2005328401
-- (OCoLC)61496542
776 08 - ADDITIONAL PHYSICAL FORM ENTRY
Display text Online version:
Title Taarifa ya haki za binadamu Tanzania mwaka. English
Record control number (OCoLC)607789081
906 ## - LOCAL DATA ELEMENT F, LDF (RLIN)
a 7
b cbc
c serials
d 2
e ncip
f 20
g n-oclcserc
942 ## - ADDED ENTRY ELEMENTS (KOHA)
Source of classification or shelving scheme Library of Congress Classification
Koha item type Books
Holdings
Home library Current library Shelving location Date acquired Full call number Barcode Koha item type
African Court on Human and Peoples' Rights Library African Court on Human and Peoples' Rights Library   20/06/2012 JC599 .T33 T333 10001932 Books
African Court on Human and Peoples' Rights Library African Court on Human and Peoples' Rights Library   20/06/2012 JC599 .T33 T333 10002049 Books
African Court on Human and Peoples' Rights Library African Court on Human and Peoples' Rights Library   20/06/2012 JC599 .T33 T333 10002006 Books
African Court on Human and Peoples' Rights Library African Court on Human and Peoples' Rights Library   20/06/2012 JC599 .T33 T333 10001964 Books

African Court on Human and Peoples' Rights | For Inquiries Contact » +255 272 510 510